[Event "XI Open Elite"]
[Site "Bergamo ITA"]
[Date "2012.07.14"]
[Round "4"]
[White "Cazzaniga, Walter"]
[Black "Aranovitch, Emiliano"]
[WhiteElo "2148"]
[BlackElo "2329"]
[Result "1/2-1/2"]
[PlyCount "52"]
[EventDate "2012.07.13"]

1. d4 Nf6 2. c4 e6 3. Nf3 b6 4. g3 Ba6 5. b3 Bb4+ 6. Bd2 Be7 7. Bg2 c6 8. Bc3
d5 9. Ne5 Nfd7 10. Nxd7 Nxd7 11. Nd2 Rc8 12. O-O O-O 13. e4 b5 14. Re1 bxc4 15.
bxc4 dxc4 16. Nf1 Re8 17. Ne3 Bf8 18. Bf1 e5 19. Nxc4 exd4 20. Qxd4 Nc5 21. e5
Qxd4 22. Bxd4 Rcd8 23. Nd6 Bxd6 24. exd6 Ne6 25. Bxa6 Nxd4 26. Rxe8+ Rxe8
1/2-1/2

[Event "XI Open Elite"]
[Site "Bergamo ITA"]
[Date "2012.07.14"]
[Round "4"]
[White "Curtacci, Sergio"]
[Black "Kizilkaya, Mehmet"]
[WhiteElo "2034"]
[BlackElo "2195"]
[Result "0-1"]
[PlyCount "104"]
[EventDate "2012.07.13"]

1. d4 Nf6 2. Nf3 g6 3. Nbd2 Bg7 4. e4 d6 5. Bd3 O-O 6. O-O Nc6 7. c3 e5 8. dxe5
Nxe5 9. Nxe5 dxe5 10. Nc4 Nh5 11. Be2 Nf4 12. Bxf4 exf4 13. Qxd8 Rxd8 14. Rfd1
Be6 15. a4 b6 16. Kf1 a6 17. Na3 Bb3 18. Rxd8+ Rxd8 19. Ke1 Re8 20. Bxa6 Rxe4+
21. Kd2 Rxa4 22. Bd3 Bf8 23. Bc2 Bxc2 24. Nxc2 Rc4 25. Ra8 Kg7 26. Rc8 Bd6 27.
Nd4 Rc5 28. Nf3 g5 29. h3 h5 30. Nd4 g4 31. hxg4 hxg4 32. Kd3 Rh5 33. Ke4 Re5+
34. Kd3 g3 35. f3 Kf6 36. Rh8 Re1 37. Ne2 Rd1+ 38. Kc2 Rf1 39. Kd3 Rf2 40. Rh4
Rxg2 41. Nxf4 Rxb2 42. Nd5+ Ke6 43. Ne3 Bc5 44. Re4+ Kd7 45. Rg4 Bxe3 46. Kxe3
g2 47. Ke4 Ke6 48. Kd4 c5+ 49. Ke3 b5 50. Kd3 f5 51. Rg8 Ke5 52. Ke3 f4+ 0-1

[Event "XI Open Elite"]
[Site "Bergamo ITA"]
[Date "2012.07.14"]
[Round "4"]
[White "De Leon Justo, Alejandro"]
[Black "Castrogiovanni, Carlo"]
[WhiteElo "2020"]
[BlackElo "1978"]
[Result "1-0"]
[PlyCount "105"]
[EventDate "2012.07.13"]

1. e4 c5 2. Nf3 a6 3. Nc3 Nc6 4. d4 cxd4 5. Nxd4 e6 6. Be3 Nf6 7. Bd3 b5 8. O-O
Be7 9. f4 Nxd4 10. Bxd4 d6 11. a3 Qc7 12. Qf3 Bb7 13. Rae1 O-O 14. Kh1 Ne8 15.
Qh3 g6 16. Rf3 f5 17. exf5 exf5 18. Rg3 Qd7 19. Nxb5 Ng7 20. Nc3 Bf6 21. Bxf6
Rxf6 22. Rge3 Re6 23. Bc4 d5 24. Bb3 Kh8 25. Rxe6 Nxe6 26. Qh4 Rf8 27. Re5 Qd6
28. h3 Kg7 29. Bxd5 g5 30. Qe1 Bxd5 31. Nxd5 Nc5 32. Re7+ Rf7 33. Qe5+ Qxe5 34.
fxe5 f4 35. b4 Ne4 36. Rxf7+ Kxf7 37. Nc7 Ng3+ 38. Kg1 Ne2+ 39. Kf2 Nd4 40. c4
Nc2 41. Nxa6 Nxa3 42. c5 Ke6 43. c6 Nb5 44. c7 Kd7 45. e6+ Kc8 46. e7 Nd6 47.
b5 h5 48. b6 g4 49. hxg4 hxg4 50. Nb4 Kd7 51. Nd5 f3 52. gxf3 gxf3 53. b7 1-0

[Event "XI Open Elite"]
[Site "Bergamo ITA"]
[Date "2012.07.14"]
[Round "4"]
[White "Di Chiara, Mauro"]
[Black "Ferretti, Folco"]
[WhiteElo "1953"]
[BlackElo "2283"]
[Result "0-1"]
[PlyCount "58"]
[EventDate "2012.07.13"]

1. d4 d5 2. Nf3 Nf6 3. c4 dxc4 4. e3 Bg4 5. Bxc4 e6 6. Nc3 a6 7. a3 Nc6 8. h3
Bh5 9. O-O Bd6 10. Re1 O-O 11. Be2 Qe7 12. e4 Bxf3 13. Bxf3 e5 14. dxe5 Nxe5
15. Bg5 c6 16. Be2 Rad8 17. Qc2 Ng6 18. g3 Bxg3 19. Bxf6 Bxf2+ 20. Kxf2 Qxf6+
21. Bf3 Qf4 22. Rad1 Nh4 23. Qe2 Rde8 24. Qe3 Qh2+ 25. Kf1 f5 26. Rd2 Qxh3+ 27.
Bg2 fxe4+ 28. Kg1 Nf3+ 29. Bxf3 Rxf3 0-1

[Event "XI Open Elite"]
[Site "Bergamo ITA"]
[Date "2012.07.14"]
[Round "4"]
[White "Godena, Michele"]
[Black "Georgiev, Kiril D."]
[WhiteElo "2512"]
[BlackElo "2680"]
[Result "0-1"]
[PlyCount "116"]
[EventDate "2012.07.13"]

1. e4 e5 2. Nf3 Nc6 3. Bb5 Nf6 4. O-O Nxe4 5. Re1 Nd6 6. Nxe5 Be7 7. Bf1 Nxe5
8. Rxe5 O-O 9. d4 Bf6 10. Re1 Re8 11. c3 Rxe1 12. Qxe1 Qe7 13. Qxe7 Bxe7 14.
Na3 Ne8 15. Nc4 d5 16. Ne3 c6 17. a4 Nd6 18. f3 Be6 19. Bd3 h5 20. Bd2 a5 21.
b3 b6 22. Re1 Kf8 23. Bc1 Ke8 24. Ba3 Kd7 25. Nc2 Bf6 26. Rd1 g6 27. Kf2 Rb8
28. Bf1 Kc7 29. Ra1 Bh4+ 30. g3 Bf6 31. Ne1 c5 32. Nc2 g5 33. Rd1 Kc6 34. Ne3
Bg7 35. Be2 f5 36. Ng2 g4 37. Nf4 Bf7 38. Bb5+ Nxb5 39. axb5+ Kxb5 40. dxc5
bxc5 41. Nxd5 Rb7 42. fxg4 Kc6 43. Ne3 fxg4 44. Nf5 Be5 45. c4 Rxb3 46. Ne7+
Kb6 47. Nd5+ Bxd5 48. Bxc5+ Kxc5 49. Rxd5+ Kxc4 50. Rxe5 Rb5 51. Re4+ Kd3 52.
Ra4 Kc3 53. Ke3 Re5+ 54. Kf4 Rc5 55. Ke3 Kb3 56. Ra1 a4 57. Rb1+ Kc2 58. Ra1
Ra5 0-1

[Event "XI Open Elite"]
[Site "Bergamo ITA"]
[Date "2012.07.14"]
[Round "4"]
[White "Kasparova, Tatiana"]
[Black "Guzzetti, Luigi Enrico"]
[WhiteElo "2125"]
[BlackElo "1908"]
[Result "1-0"]
[PlyCount "145"]
[EventDate "2012.07.13"]

1. e4 c5 2. Nf3 e6 3. d4 cxd4 4. Nxd4 a6 5. Bd3 Nf6 6. O-O d6 7. Qe2 Nc6 8.
Nxc6 bxc6 9. c4 Be7 10. Nd2 O-O 11. b3 e5 12. Bb2 a5 13. c5 Be6 14. cxd6 Bxd6
15. Nc4 Bxc4 16. Bxc4 Qc7 17. Rac1 a4 18. Bb5 axb3 19. axb3 c5 20. Rfd1 Qe7 21.
Ba4 Rfd8 22. h3 Qb7 23. f3 Nh5 24. Kh2 Nf4 25. Qc2 Qe7 26. Bc6 Rac8 27. Bd5 h5
28. g3 Ne6 29. Bxe6 Qxe6 30. Rd5 Bb8 31. Rcd1 Rxd5 32. Rxd5 h4 33. gxh4 Qf6 34.
Qe2 Qxh4 35. Bc1 Rc6 36. Be3 Qe7 37. Qb5 Rc8 38. Rxc5 Re8 39. Rd5 Rc8 40. Rd2
Rc1 41. Qxb8+ Kh7 42. Qb5 Rc3 43. Qe2 Rxb3 44. Rb2 Rc3 45. Qd2 Qa3 46. Bg1 Rxf3
47. Qg2 g6 48. Rf2 Rf4 49. Rxf4 exf4 50. Bf2 Qd3 51. e5 Qf5 52. Bd4 g5 53. Qf3
Kg6 54. Qc6+ Kh7 55. Qc3 Qe4 56. Bf2 Kg6 57. Qe1 Qf5 58. Qe2 Kh6 59. Qa6+ Kg7
60. Qd6 f3 61. Qf6+ Qxf6 62. exf6+ Kxf6 63. Kg3 Kg6 64. Kxf3 f5 65. Ke3 Kh5 66.
Be1 Kg6 67. Kd4 Kf6 68. Bd2 g4 69. h4 g3 70. Ke3 Ke6 71. Kf3 Kf6 72. Kxg3 Kg6
73. Bg5 1-0

[Event "XI Open Elite"]
[Site "Bergamo ITA"]
[Date "2012.07.14"]
[Round "4"]
[White "Lezzerini, Marco"]
[Black "Abella Vazquez, Cesar"]
[WhiteElo "1948"]
[BlackElo "2093"]
[Result "0-1"]
[PlyCount "96"]
[EventDate "2012.07.13"]

1. d4 d5 2. c4 Bf5 3. Nc3 e6 4. Nf3 c6 5. Qb3 Qb6 6. c5 Qc7 7. Bf4 Qc8 8. e3
Be7 9. Be2 h6 10. O-O Nf6 11. h3 Nbd7 12. Qd1 O-O 13. Bd3 Bxd3 14. Qxd3 Re8 15.
b4 Bd8 16. Rab1 a6 17. a4 Bc7 18. Bxc7 Qxc7 19. b5 axb5 20. axb5 e5 21. Qd2 Ne4
22. Nxe4 dxe4 23. Ne1 Rad8 24. Qb2 exd4 25. exd4 Nf6 26. Nc2 Nd5 27. bxc6 bxc6
28. Qb7 Qf4 29. Qxc6 Re6 30. Qb7 Rg6 31. Qb3 Qf5 32. Kh1 Nf4 33. Ne1 Ne2 34.
Nc2 Nxd4 35. Nxd4 Rxd4 36. f3 Qg5 37. Rb2 e3 38. Re2 Rd2 39. Rfe1 Qxc5 40. Rxe3
Rdxg2 41. Qb8+ Kh7 42. Qf4 Qh5 43. h4 R2g3 44. Kh2 R3g4 45. fxg4 Qxh4+ 46. Kg2
Rxg4+ 47. Qxg4 Qxg4+ 48. Kf2 h5 0-1

[Event "XI Open Elite"]
[Site "Bergamo ITA"]
[Date "2012.07.14"]
[Round "4"]
[White "Messina, Roberta"]
[Black "Stoppa, Omar"]
[WhiteElo "1961"]
[BlackElo "2300"]
[Result "1-0"]
[PlyCount "117"]
[EventDate "2012.07.13"]

1. c4 Nf6 2. g3 c5 3. Bg2 g6 4. Nf3 Bg7 5. O-O O-O 6. Nc3 Nc6 7. d3 a6 8. a3
Rb8 9. Qc2 d6 10. Rb1 Bg4 11. Be3 Qd7 12. b4 cxb4 13. axb4 b5 14. cxb5 axb5 15.
Rfc1 Rfc8 16. Qd2 e5 17. Bh6 Bh8 18. Bg5 d5 19. Bxf6 Bxf6 20. h3 Be6 21. Ng5
Bxg5 22. Qxg5 Qe7 23. Qxe7 Nxe7 24. Ra1 Kg7 25. Kf1 f5 26. Ke1 d4 27. Ra6 Kf7
28. Na2 Bxa2 29. Rxc8 Rxc8 30. Rxa2 Rc1+ 31. Kd2 Rb1 32. Ra7 Rb2+ 33. Kd1 Rxb4
34. Bd5+ Kf6 35. Ra6+ Kg5 36. h4+ Kh6 37. Bb7 Rb1+ 38. Kd2 Rb2+ 39. Kd1 e4 40.
dxe4 d3 41. exd3 fxe4 42. Bxe4 Rxf2 43. Rb6 Rf1+ 44. Ke2 Rb1 45. d4 Rb2+ 46.
Ke3 Rb3+ 47. Kf4 Rb4 48. Ke5 Rb2 49. d5 Nxd5 50. Bxd5 Rb4 51. Bf3 Rb3 52. Kf4
Rb4+ 53. Be4 Kh5 54. Rb7 h6 55. Rg7 Rc4 56. Kf3 Rc3+ 57. Kg2 Kg4 58. Rxg6+ Kh5
59. Rg7 1-0

[Event "XI Open Elite"]
[Site "Bergamo ITA"]
[Date "2012.07.14"]
[Round "4"]
[White "Migliorini, Matteo"]
[Black "Kimbin, Richard Conrod"]
[WhiteElo "1996"]
[BlackElo "1951"]
[Result "1-0"]
[PlyCount "35"]
[EventDate "2012.07.13"]

1. e4 c6 2. d4 d5 3. e5 Bf5 4. Nf3 e6 5. Be2 c5 6. Be3 Nc6 7. O-O cxd4 8. Nxd4
Bg6 9. c4 Nge7 10. Nb5 Nf5 11. cxd5 Nxe3 12. fxe3 Bxb1 13. dxc6 Be4 14. Qxd8+
Kxd8 15. Rad1+ Kc8 16. Rd7 Bc5 17. cxb7+ Bxb7 18. Rc7+ 1-0

[Event "XI Open Elite"]
[Site "Bergamo ITA"]
[Date "2012.07.14"]
[Round "4"]
[White "Platino, Maurizio"]
[Black "Cattaneo, Marco"]
[WhiteElo "1901"]
[BlackElo "2032"]
[Result "1/2-1/2"]
[PlyCount "60"]
[EventDate "2012.07.13"]

1. d4 Nf6 2. c4 g6 3. Nc3 Bg7 4. e4 d6 5. f3 O-O 6. Be3 c5 7. dxc5 dxc5 8. Qxd8
Rxd8 9. Bxc5 Nc6 10. Nd5 Nd7 11. Ba3 e6 12. Nc3 Nde5 13. Rd1 Rxd1+ 14. Nxd1 a5
15. f4 Nd7 16. Nf3 Nb4 17. Ne3 Nxa2 18. e5 b6 19. Bd3 Nc5 20. Bb1 Nb4 21. O-O
Bb7 22. Rd1 Bxf3 23. gxf3 Bh6 24. Ng2 Bf8 25. Ne3 Nb7 26. Be4 Bc5 27. Kf2 Rd8
28. Rxd8+ Nxd8 29. Ke2 Ndc6 30. Bxc6 Nxc6 1/2-1/2

[Event "XI Open Elite"]
[Site "Bergamo ITA"]
[Date "2012.12.14"]
[Round "4"]
[White "Ranfagni, Stefano"]
[Black "Sorbera, Giovanni"]
[WhiteElo "1994"]
[BlackElo "2165"]
[Result "0-1"]
[PlyCount "134"]
[EventDate "2012.07.13"]

1. e4 c5 2. Nc3 Nc6 3. g3 e6 4. Bg2 Nge7 5. d3 d5 6. exd5 Nxd5 7. Nge2 Be7 8.
O-O O-O 9. Nxd5 exd5 10. Nf4 d4 11. Re1 Bd6 12. Bd2 Bxf4 13. Bxf4 Be6 14. h4
Bd5 15. Qg4 Bxg2 16. Kxg2 Qd5+ 17. Qf3 Rad8 18. a3 f6 19. Qxd5+ Rxd5 20. g4 h5
21. gxh5 Rxh5 22. Bg3 Kf7 23. Re2 Re8 24. Rae1 Rxe2 25. Rxe2 b5 26. Kf3 Rd5 27.
b3 g6 28. Bc7 Rd7 29. Bf4 Ne7 30. Kg4 Rd5 31. Re1 Nc6 32. Bc7 a6 33. Re2 Rd7
34. Bf4 a5 35. Re1 a4 36. bxa4 bxa4 37. Rb1 Ke6 38. Rb6 Kd5 39. Bg3 Re7 40. Kf3
Re1 41. Rb7 Ne5+ 42. Bxe5 fxe5 43. Rd7+ Ke6 44. Rg7 Rc1 45. Rxg6+ Kf5 46. Rg2
Rxc2 47. h5 Rd2 48. Rh2 Rxd3+ 49. Ke2 Rb3 50. h6 Rb8 51. h7 Rh8 52. Rh5+ Kf4
53. Rh4+ Kg5 54. Re4 Kf5 55. Rh4 c4 56. f3 Kg6 57. Re4 Rxh7 58. Rxe5 Rh2+ 59.
Kd1 c3 60. Rd5 Rd2+ 61. Kc1 Kf6 62. f4 Ke6 63. Re5+ Kd6 64. Re1 Rf2 65. Re4 Kd5
66. Re5+ Kc4 67. f5 Rf1+ 0-1

[Event "XI Open Elite"]
[Site "Bergamo ITA"]
[Date "2012.07.14"]
[Round "4"]
[White "Roos, Adrian"]
[Black "Koetz, Andreas"]
[WhiteElo "2180"]
[BlackElo "2008"]
[Result "1-0"]
[PlyCount "83"]
[EventDate "2012.07.13"]

1. d4 Nf6 2. c4 g6 3. Nc3 Bg7 4. e4 d6 5. Be2 O-O 6. Nf3 e5 7. Be3 Ng4 8. Bg5
f6 9. Bh4 Qe8 10. h3 Nh6 11. dxe5 dxe5 12. c5 c6 13. Nd2 Nd7 14. b4 g5 15. Bg3
f5 16. Nc4 Qe7 17. f3 f4 18. Bf2 Nf6 19. Qd6 Qe8 20. Rd1 Nf7 21. Qc7 Nh5 22.
Na5 Ng3 23. Bxg3 fxg3 24. Bc4 Bf6 25. Nxb7 Bxb7 26. Qxb7 Rb8 27. Qxa7 Rxb4 28.
Bb3 Rd4 29. Ne2 Rxd1+ 30. Kxd1 Qd8+ 31. Kc2 Qe7 32. Qxe7 Bxe7 33. Nxg3 Bxc5 34.
Rd1 Kh8 35. Nf5 Nd8 36. Rd7 Re8 37. Rg7 Ne6 38. Bxe6 Rxe6 39. Rxg5 Bf8 40. Rh5
c5 41. Ne3 Kg7 42. Nc4 1-0

[Event "XI Open Elite"]
[Site "Bergamo ITA"]
[Date "2012.07.14"]
[Round "4"]
[White "Sala, Giovanni"]
[Black "Monjac, Mislav"]
[WhiteElo "1996"]
[BlackElo "2093"]
[Result "1/2-1/2"]
[PlyCount "139"]
[EventDate "2012.07.13"]

1. c4 c5 2. g3 Nf6 3. Bg2 e6 4. Nf3 Nc6 5. O-O a6 6. Nc3 Qc7 7. b3 d6 8. Bb2
Be7 9. d4 cxd4 10. Nxd4 O-O 11. Rc1 Nxd4 12. Qxd4 Bd7 13. Rfd1 Rfd8 14. h3 Rac8
15. Qe3 Be8 16. Ne4 Nxe4 17. Qxe4 Bc6 18. Qg4 Bf8 19. Rd2 Bxg2 20. Kxg2 Qb8 21.
Rcd1 b5 22. cxb5 axb5 23. e4 Qb7 24. Kh2 Rc6 25. f4 Ra6 26. f5 exf5 27. exf5 d5
28. a3 f6 29. b4 Rc6 30. Rd4 Rc2+ 31. R1d2 Qc6 32. Qe2 Rxd2 33. Rxd2 Re8 34.
Qd3 Re1 35. Re2 Rxe2+ 36. Qxe2 Kf7 37. Qd3 Bd6 38. Qe2 Bc7 39. Bd4 Bb6 40. Bxb6
Qxb6 41. Kg2 Qc6 42. Kf2 g6 43. fxg6+ hxg6 44. Qd3 Kg7 45. Qe3 Qd7 46. Qd3 Qf5+
47. Kg1 Qxh3 48. Qxd5 Qxg3+ 49. Kf1 Qf4+ 50. Kg2 Qg4+ 51. Kf2 Qf5+ 52. Qxf5
gxf5 53. a4 bxa4 54. b5 a3 55. b6 a2 56. b7 a1=Q 57. b8=Q Qd4+ 58. Kg2 Qe4+ 59.
Kf2 f4 60. Qb3 Kh6 61. Qh3+ Kg5 62. Qh8 Qe3+ 63. Kf1 f5 64. Qg7+ Kh4 65. Qh7+
Kg4 66. Qg6+ Kh4 67. Qh6+ Kg3 68. Qg5+ Kh3 69. Qh5+ Kg3 70. Qg5+ 1/2-1/2

[Event "XI Open Elite"]
[Site "Bergamo ITA"]
[Date "2012.07.14"]
[Round "4"]
[White "Salgado Lopez, Oscar"]
[Black "Gomez Dieguez, David"]
[WhiteElo "2218"]
[BlackElo "2081"]
[Result "1/2-1/2"]
[PlyCount "42"]
[EventDate "2012.07.13"]

1. e4 e5 2. Bc4 Nf6 3. d3 Bc5 4. Nf3 Nc6 5. O-O d6 6. c3 a6 7. Bb3 Bd7 8. Nbd2
O-O 9. h3 h6 10. Re1 Nh5 11. Nf1 Qf6 12. Be3 Nf4 13. Bxf4 Qxf4 14. Ne3 Bxe3 15.
Rxe3 Kh8 16. Qd2 Ne7 17. d4 Ng6 18. Rd1 Be6 19. Bxe6 fxe6 20. dxe5 Nxe5 21.
Nxe5 Qxe5 1/2-1/2

[Event "XI Open Elite"]
[Site "Bergamo ITA"]
[Date "2012.07.14"]
[Round "4"]
[White "Seyfried, Claus"]
[Black "Angelini, Marco"]
[WhiteElo "2101"]
[BlackElo "2192"]
[Result "1/2-1/2"]
[PlyCount "93"]
[EventDate "2012.07.13"]

1. e4 c5 2. c3 d5 3. exd5 Qxd5 4. d4 Nf6 5. Nf3 e6 6. Na3 Qd8 7. Nc2 Nc6 8. Be2
Be7 9. O-O O-O 10. Bf4 Qb6 11. dxc5 Qxc5 12. Be3 Qa5 13. Ncd4 Bd7 14. b4 Qc7
15. Qc1 e5 16. Nb3 Nd5 17. Bd2 e4 18. Ng5 Bf5 19. b5 Ne5 20. Nd4 Bg6 21. c4 Nb6
22. Bf4 Bxg5 23. Bxg5 Nbxc4 24. Bf4 Qb6 25. Rd1 Rac8 26. Bxe5 Nxe5 27. Qf4 Nd3
28. Bxd3 exd3 29. Nf5 Qc5 30. Nd6 Rb8 31. Rac1 Qd5 32. a4 Rfd8 33. Nc4 Rbc8 34.
h3 h6 35. Ne3 Qe6 36. Rxc8 Rxc8 37. Qd4 b6 38. a5 Kh7 39. axb6 Qxb6 40. Qxb6
axb6 41. Nd5 Rc5 42. Nxb6 Rxb5 43. Nc4 f6 44. f3 Rb4 45. Ne3 f5 46. g3 f4 47.
Nd5 1/2-1/2

[Event "XI Open Elite"]
[Site "Bergamo ITA"]
[Date "2012.07.14"]
[Round "4"]
[White "Stella, Andrea"]
[Black "Fernandez Saavedra, Jose' Luis"]
[WhiteElo "2442"]
[BlackElo "2099"]
[Result "1-0"]
[PlyCount "91"]
[EventDate "2012.07.13"]

1. Nf3 Nf6 2. c4 e6 3. g3 d5 4. Bg2 dxc4 5. Qa4+ Nbd7 6. Qxc4 c5 7. Qc2 b6 8.
Nc3 Bb7 9. O-O Rc8 10. d3 Be7 11. e4 O-O 12. h3 Nb8 13. Bf4 Nc6 14. Rad1 Nd4
15. Qb1 Nd7 16. Nxd4 cxd4 17. Ne2 e5 18. Bd2 Ba6 19. b4 b5 20. f4 f6 21. h4 Nb6
22. Bh3 Rc6 23. Rc1 Qd6 24. Kg2 Bc8 25. Qb3+ Kh8 26. Rxc6 Bxh3+ 27. Kxh3 Qxc6
28. g4 Qd7 29. Ng3 Rc8 30. fxe5 fxe5 31. Rf7 Qe8 32. Qe6 Bf8 33. Qxe8 Rxe8 34.
Rxa7 Ra8 35. Rb7 Rxa2 36. Bg5 Nc8 37. Rxb5 h6 38. Rxe5 Nb6 39. Re8 Kg8 40. Be7
Kf7 41. Rxf8+ Kxe7 42. Rf3 g6 43. h5 g5 44. Nf5+ Ke8 45. Nxh6 Nd7 46. Nf7 1-0

[Event "XI Open Elite"]
[Site "Bergamo ITA"]
[Date "2012.07.14"]
[Round "4"]
[White "Tarelli, Daniele"]
[Black "Elitropi, Giorgio"]
[WhiteElo "1909"]
[BlackElo "2016"]
[Result "1/2-1/2"]
[PlyCount "141"]
[EventDate "2012.07.13"]

1. d4 e6 2. c4 f5 3. Nc3 Bb4 4. Qc2 Nf6 5. Bg5 b6 6. a3 Bxc3+ 7. Qxc3 Bb7 8. f3
O-O 9. e3 h6 10. Bh4 d6 11. Bd3 Nbd7 12. Ne2 Qe8 13. Qc2 g5 14. Bf2 Qe7 15. Nc3
Ne8 16. O-O-O Ng7 17. h4 g4 18. e4 fxe4 19. fxe4 e5 20. d5 Nh5 21. Rdf1 Qg7 22.
Qd2 Kh7 23. Ne2 Ndf6 24. Be3 Bc8 25. Bc2 Bd7 26. Qd3 Kh8 27. g3 a6 28. Rf2 Ng8
29. Rhf1 Rxf2 30. Rxf2 Rf8 31. Rxf8 Qxf8 32. Bd1 Qf1 33. Bd2 Kg7 34. b3 Qf3 35.
Be3 Qf1 36. Bd2 Be8 37. Kb2 Bg6 38. Bc2 Nhf6 39. Nf4 Qxd3 40. Ne6+ Kf7 41. Bxd3
Bxe4 42. Bxe4 Nxe4 43. Be1 Nc5 44. Nxc5 bxc5 45. b4 cxb4 46. Bxb4 Ne7 47. Kb3
Nc8 48. c5 dxc5 49. Bxc5 Ke8 50. Kc4 Kd7 51. Kd3 Nd6 52. Be3 h5 53. Bf2 c6 54.
dxc6+ Kxc6 55. Be1 Kd5 56. Bf2 Nc4 57. a4 Nb2+ 58. Ke2 Nxa4 59. Be1 Nb6 60. Kd3
e4+ 61. Ke3 a5 62. Kf4 Nc4 63. Kg5 Ne5 64. Bxa5 e3 65. Kxh5 Ke4 66. Kg5 Kf3 67.
h5 Kxg3 68. Bc7 Kf3 69. Bxe5 g3 70. Bxg3 Kxg3 71. h6 1/2-1/2

[Event "XI Open Elite"]
[Site "Bergamo ITA"]
[Date "2012.07.14"]
[Round "4"]
[White "Valsecchi, Alessio"]
[Black "Danin, Alexandre"]
[WhiteElo "2425"]
[BlackElo "2525"]
[Result "0-1"]
[PlyCount "70"]
[EventDate "2012.07.13"]

1. c4 Nf6 2. g3 c6 3. Bg2 d5 4. Nf3 dxc4 5. O-O Nbd7 6. Na3 Nb6 7. Qc2 Be6 8.
Ng5 Bg4 9. Nxc4 Bxe2 10. Nxb6 Qxb6 11. Re1 Bh5 12. a4 Bg6 13. Qc4 a6 14. Ra3
Rc8 15. d4 h6 16. Nf3 Nd5 17. Rb3 Qc7 18. Ne5 Bf5 19. Bf4 Qa5 20. Rc1 f6 21.
Ng6 Nxf4 22. Nxf4 Qc7 23. Nd5 Qd6 24. Nb6 Rd8 25. d5 e6 26. dxc6 bxc6 27. g4
Bg6 28. Re1 Be7 29. Rbe3 e5 30. Bxc6+ Kf8 31. a5 Bf7 32. Qe4 Qd4 33. Bb7 Bb4
34. Rb1 Bxa5 35. Qxd4 exd4 0-1

[Event "XI Open Elite"]
[Site "Bergamo ITA"]
[Date "2012.07.14"]
[Round "4"]
[White "Ventura, Franco"]
[Black "Cesarano, Marco"]
[WhiteElo "2084"]
[BlackElo "1929"]
[Result "1-0"]
[PlyCount "131"]
[EventDate "2012.07.13"]

1. c4 c6 2. Nf3 Nf6 3. Nc3 d5 4. d4 e6 5. e3 Nbd7 6. Bd3 Bd6 7. O-O O-O 8. b3
Qe7 9. Re1 dxc4 10. bxc4 e5 11. Qc2 Re8 12. Bf5 exd4 13. Nxd4 g6 14. Bh3 Ne5
15. Bxc8 Raxc8 16. Qe2 Bb4 17. Bd2 Qc5 18. Na4 Qa5 19. Bxb4 Qxb4 20. Nb2 Rcd8
21. Rec1 c5 22. a3 Qa5 23. Nb3 Qb6 24. Qc2 Qc6 25. Rd1 b6 26. Rac1 Qe4 27. Qe2
Qc6 28. h3 a6 29. Qc2 Ne4 30. Nd2 Nd6 31. Qc3 Ne4 32. Nxe4 Qxe4 33. Qb3 Qf5 34.
Qc3 Qe6 35. Qc2 Kg7 36. Qc3 Kg8 37. Nd3 Nxd3 38. Rxd3 Rd6 39. Rxd6 Qxd6 40. Qb3
Rd8 41. Rb1 Rb8 42. Rd1 Qe6 43. Rd5 Qc6 44. a4 b5 45. axb5 axb5 46. cxb5 Rxb5
47. Qc4 Rb1+ 48. Kh2 Rb5 49. f4 Kg7 50. Qc3+ Kh6 51. Qe5 f5 52. e4 fxe4 53.
Qxe4 Qf6 54. Qe3 Rb6 55. Rxc5 Re6 56. Re5 Rxe5 57. fxe5+ Qg5 58. Qxg5+ Kxg5 59.
g4 h5 60. Kg3 Kh6 61. Kf4 Kg7 62. Kg5 Kf7 63. gxh5 gxh5 64. Kxh5 Ke6 65. Kg6
Kxe5 66. h4 1-0

[Event "XI Open Elite"]
[Site "Bergamo ITA"]
[Date "2012.07.14"]
[Round "4"]
[White "Ventura, Salvatore"]
[Black "Simonetto, Adriano"]
[WhiteElo "2014"]
[BlackElo "1919"]
[Result "1/2-1/2"]
[PlyCount "20"]
[EventDate "2012.07.13"]

1. f4 d5 2. Nf3 c5 3. e3 g6 4. Be2 Nc6 5. O-O Bg7 6. d3 Nf6 7. Nc3 Bf5 8. Nh4
d4 9. Nxf5 gxf5 10. Nb1 dxe3 1/2-1/2

[Event "XI Open Elite"]
[Site "Bergamo ITA"]
[Date "2012.07.15"]
[Round "5"]
[White "Abella Vazquez, Cesar"]
[Black "Roos, Adrian"]
[WhiteElo "2093"]
[BlackElo "2180"]
[Result "0-1"]
[PlyCount "82"]
[EventDate "2012.07.13"]

1. e4 c5 2. Nf3 d6 3. d4 cxd4 4. Qxd4 Nc6 5. Bb5 Bd7 6. Bxc6 Bxc6 7. Nc3 h6 8.
Qd3 e5 9. Nd2 Nf6 10. Nc4 b5 11. Ne3 Qb6 12. O-O Qb7 13. Ncd5 Bxd5 14. Nxd5
Nxd5 15. exd5 Be7 16. a4 b4 17. a5 O-O 18. a6 Qd7 19. f4 Rac8 20. Bd2 Rb8 21.
Qg3 Bf6 22. Rae1 Rb6 23. fxe5 Bxe5 24. Bf4 Bxf4 25. Rxf4 Qd8 26. Ree4 Rxa6 27.
Rxb4 Ra1+ 28. Rf1 Rxf1+ 29. Kxf1 Re8 30. Qf3 Qg5 31. Rf4 Qe5 32. g3 f6 33. c3
Qe1+ 34. Kg2 Qd2+ 35. Kh3 Re2 36. Kg4 Rxh2 37. Qe4 h5+ 38. Kf5 Re2 39. Qd4 Re5+
40. Qxe5 dxe5 41. Rb4 Qxd5 0-1

[Event "XI Open Elite"]
[Site "Bergamo ITA"]
[Date "2012.07.15"]
[Round "5"]
[White "Angelini, Marco"]
[Black "Messina, Roberta"]
[WhiteElo "2192"]
[BlackElo "1961"]
[Result "1-0"]
[PlyCount "36"]
[EventDate "2012.07.13"]

1. e4 c5 2. Nf3 d6 3. d4 cxd4 4. Nxd4 Nf6 5. Nc3 a6 6. g3 e6 7. Bg2 Be7 8. a4
Qc7 9. O-O O-O 10. f4 Nc6 11. Nb3 Na5 12. Nxa5 Qxa5 13. g4 Rd8 14. g5 Ne8 15.
Be3 Bd7 16. f5 Bc6 17. fxe6 fxe6 18. Qf3 Nf6 1-0

[Event "XI Open Elite"]
[Site "Bergamo ITA"]
[Date "2012.07.15"]
[Round "5"]
[White "Aranovitch, Emiliano"]
[Black "Seyfried, Claus"]
[WhiteElo "2329"]
[BlackElo "2101"]
[Result "1/2-1/2"]
[PlyCount "132"]
[EventDate "2012.07.13"]

1. e4 e5 2. Bc4 Nf6 3. d3 Nc6 4. Nf3 Be7 5. O-O d6 6. c3 O-O 7. Re1 a6 8. Bb3
Na5 9. Bc2 c5 10. Nbd2 b5 11. Nf1 Be6 12. Ng3 Rc8 13. h3 Nc6 14. Ng5 Bd7 15.
Bb3 h6 16. Nf3 Na5 17. d4 Qc7 18. dxe5 dxe5 19. Nh4 Nxb3 20. axb3 Rfd8 21. Qf3
Qc6 22. Nhf5 Bf8 23. Be3 Kh7 24. Red1 Bxf5 25. Qxf5+ g6 26. Qf3 Bg7 27. c4 bxc4
28. bxc4 Rxd1+ 29. Rxd1 Rb8 30. Rd2 Rb3 31. Qd1 Qb7 32. Qc2 Bf8 33. Kh2 a5 34.
Qb1 a4 35. Qa2 Qb4 36. Rc2 Rd3 37. Qa1 Qb3 38. Qc1 Kg8 39. Rd2 Kh7 40. Qc2 Qxc2
41. Rxc2 h5 42. Bg5 Be7 43. Ne2 a3 44. bxa3 Rxa3 45. Nc3 Ng4+ 46. hxg4 Bxg5 47.
gxh5 gxh5 48. g3 Kg6 49. Kg2 f5 50. Kf1 Ra1+ 51. Ke2 Rc1 52. Rxc1 Bxc1 53. Na4
Ba3 54. Kf3 Bb4 55. Nb2 Bc3 56. Nd1 Bd4 57. Ne3 Bxe3 58. Kxe3 Kg5 59. exf5 Kxf5
60. f3 Kf6 61. Ke4 Ke6 62. Kd3 Kf5 63. Ke3 Kf6 64. Ke4 Ke6 65. Ke3 Kf6 66. Kd3
Kf5 1/2-1/2

[Event "XI Open Elite"]
[Site "Bergamo ITA"]
[Date "2012.07.15"]
[Round "5"]
[White "Brunello, Sabino"]
[Black "Godena, Michele"]
[WhiteElo "2586"]
[BlackElo "2512"]
[Result "1/2-1/2"]
[PlyCount "42"]
[EventDate "2012.07.13"]

1. d4 d5 2. c4 c6 3. Nf3 Nf6 4. g3 Bf5 5. Nc3 e6 6. Nh4 Be4 7. f3 Bg6 8. Qb3
Qd7 9. c5 b6 10. cxb6 axb6 11. Bf4 b5 12. Rc1 Be7 13. e3 O-O 14. Nxg6 hxg6 15.
g4 b4 16. Ne2 Qa7 17. Bxb8 Rfxb8 18. Rxc6 Qxa2 19. Nc1 Qxb3 20. Nxb3 Ra2 21.
Rc2 Nd7 1/2-1/2

[Event "XI Open Elite"]
[Site "Bergamo ITA"]
[Date "2012.07.15"]
[Round "5"]
[White "Castrogiovanni, Carlo"]
[Black "Di Lascio, Savino"]
[WhiteElo "1978"]
[BlackElo "1946"]
[Result "1-0"]
[PlyCount "47"]
[EventDate "2012.07.13"]

1. d4 Nf6 2. Nc3 e6 3. e4 Bb4 4. Bd3 h6 5. Nge2 b6 6. a3 Bxc3+ 7. Nxc3 Bb7 8.
Be3 d5 9. e5 Nfd7 10. Qg4 g6 11. Bxg6 Rg8 12. Bxf7+ Kxf7 13. Qh5+ Rg6 14. Ne2
Qh8 15. Nf4 Nf8 16. h4 Nbd7 17. Rh3 Kg7 18. Nxg6 Nxg6 19. Qg4 h5 20. Qxe6 Bc8
21. Rg3 Ndxe5 22. Qxe5+ Kh7 23. Rxg6 Qxe5 24. Rh6+ 1-0

[Event "XI Open Elite"]
[Site "Bergamo ITA"]
[Date "2012.07.15"]
[Round "5"]
[White "Cattaneo, Marco"]
[Black "Bonassi, Tommaso"]
[WhiteElo "2032"]
[BlackElo "1928"]
[Result "0-1"]
[PlyCount "56"]
[EventDate "2012.07.13"]

1. d4 Nf6 2. Nf3 e6 3. c4 Bb4+ 4. Bd2 Bxd2+ 5. Qxd2 b6 6. Nc3 Bb7 7. d5 O-O 8.
g3 Na6 9. Bg2 Re8 10. O-O Nc5 11. Nh4 exd5 12. cxd5 Nce4 13. Qd3 Qe7 14. Nf5
Qe5 15. Ne3 Nxf2 16. Rxf2 Qxe3 17. Qxe3 Rxe3 18. Nb5 Bxd5 19. Nxc7 Bxg2 20.
Rxg2 Rc8 21. Nb5 Rc2 22. Nxa7 Rxb2 23. Nc8 d5 24. a4 Ng4 25. h3 Ra3 26. Rc1 Rc3
27. Rxc3 Rb1+ 28. Rc1 Rxc1# 0-1